000 00397pab a2200169 454500
008 180718b2009 xxu||||| |||| 00| 0 eng d
100 _aSrinivasan, Shiva Kumar
245 _aOn the role of `punctuation' in case teaching
260 _c2009
300 _ap.57-60.
362 _aApr-Jun
650 _aTeaching
650 _aCase studies
773 _aVikalpa
908 _aN
909 _a83051
999 _c83051
_d83051